LEADER 00594nam a2200169 i 4500 001 000000258124 003 CaOOAMICUS 005 20180413000000.0 008 180413s1848 xx u000 u eng u 013 $a237032 040 $aSeMil$bita 245 10$aVol. 2. 300 $a611 p. 773 0 $aMacaulay, Thomas Babington <1800-1859>$tCritical and historical essays.$b5. Ed.$dLondon : Longman, Brown, Green, and Longmans, 1848.$g2$w()5259 850 $aSeMil 852 $aSeMil$W1$xVenegono$y1$m3T V 39 FA$j208470$B208470$CSeMilBibl$Z2$F222102 $8I 996 $6245$aVol. 2$9(OLS)http://semarc/title/13458